| 000 | 01159nam0a2200289 4500 | ||
|---|---|---|---|
| 001 | RU\NLR\bibl\1264916 | ||
| 005 | 20260406113439.0 | ||
| 021 |
_aRU _b2008-50636 _92804 |
||
| 035 | _a(NLR Aleph) 001250869 | ||
| 090 |
_a318194 _c318194 |
||
| 100 | _a20080825d2008 |||y0rusy50 ca | ||
| 101 | 0 | _arus | |
| 102 | _aRU | ||
| 105 | _ay ||||||||| | ||
| 200 | 1 |
_aСправочник по продукции Neways _fпод ред. Людмилы и Александра Шамовых |
|
| 205 | _aИзд. 12-е, испр. и доп. | ||
| 210 |
_aМосква _cиздатель Ю.В. Позднова _d2008 |
||
| 215 |
_a199 с. _d24 |
||
| 606 | 1 |
_aПрепараты НЬЮВЭЙЗ компании _jСправочники _xПрименение в медицине _92175971 _3RU\NLR\auth\661308723 |
|
| 686 | _aР281.77я2 | ||
| 702 | 1 |
_aШамова _bЛ. _gЛюдмила _4340 |
|
| 711 | 0 | 2 |
_a"Ньюуэйс", компания _cСалем, США _3RU\NLR\AUTH\889442 _9291333 |
| 801 | 0 |
_aRU _bNLR _c20080825 _gRCR |
|
| 801 | 1 |
_aRU _bNLR _c20080825 |
|
| 942 | _cBOOK | ||
| 980 | _aNB | ||